|
|
|
|
| LEADER |
03341nam a22004698i 4500 |
| 001 |
45402 |
| 003 |
BD-DhAAL |
| 005 |
20260308110755.0 |
| 008 |
260308t20041928nyu ob 000 1 eng |
| 010 |
|
|
|a 2024017515
|
| 020 |
|
|
|a 9781448139026
|
| 020 |
|
|
|a 9780593512364
|
| 020 |
|
|
|z 9780143138372
|
| 020 |
|
|
|z 9780143138211
|
| 035 |
|
|
|a 23729074
|
| 040 |
|
|
|a DLC
|b eng
|c DLC
|e rda
|d BD-DhAAL
|
| 042 |
|
|
|a pcc
|
| 043 |
|
|
|a e-uk-en
|
| 050 |
0 |
0 |
|a PR6045.O72
|
| 082 |
0 |
0 |
|a 823.912
|2 23
|
| 100 |
1 |
|
|a Woolf, Virginia,
|d 1882-1941,
|e author.
|
| 245 |
1 |
0 |
|a Orlando :
|b a biography /
|c Virginia Woolf ; with introductions by Peter Ackroyd and Margaret Reynolds.
|
| 260 |
|
|
|a London :
|b Vintage book,
|c 2004.
|
| 300 |
|
|
|a xx, 654 pages :
|b illustration ;
|c 20 cm
|
| 490 |
0 |
|
|a Penguin vitae
|
| 500 |
|
|
|a First published in Great Britain by The Hogarth Press 1928. Annotated edition published in Penguin Books (UK) 1993. Published with a new foreword in Penguin Books (USA) 2024.
|
| 504 |
|
|
|a Includes bibliographical references.
|
| 520 |
|
|
|a "First masculine, then feminine, Orlando is a young sixteenth-century nobleman who gallops through the centuries, from Elizabethan England and imperial Turkey to Virginia Woolf's own time. Will he find happiness with the exotic Russian princess Sasha? Or is the dashing explorer Shelmerdine the ideal man? And what form will Orlando take on the journey-a nobleman, traveler, writer? Man or . . . woman? Written for the charismatic, bisexual writer Vita Sackville-West, Orlando is one of Woolf's most popular and accessible novels, a playful mock biography of a chameleon-like historical figure that is both a wry commentary on gender and, in Woolf's own words, a "writer's holiday" that delights in its ambiguity and capriciousness. Penguin Vitae-loosely translated as "Penguin of one's life"-is a deluxe hardcover series from Penguin Classics celebrating a dynamic and diverse landscape of classic fiction and nonfiction from seventy-five years of classics publishing. Penguin Vitae provides readers with beautifully designed classics that have shaped the course of their lives, and welcomes new readers to discover these literary gifts of personal inspiration, intellectual engagement, and creative originality"--
|
| 541 |
|
|
|a Donated by Farhana Zahir, Assistant Professor, BRAC Business School, BRAC University
|e 45402
|
| 650 |
|
0 |
|a Transsexuals
|v Fiction.
|9 60351
|
| 650 |
|
0 |
|a Nobility
|v Fiction.
|9 19974
|
| 650 |
|
0 |
|a Sex role
|v Fiction.
|9 60352
|
| 650 |
|
0 |
|a Aristocracy (Social class)
|v Fiction.
|9 60353
|
| 651 |
|
0 |
|a England
|v Fiction.
|
| 655 |
|
7 |
|a Fiction.
|
| 700 |
1 |
|
|a Ackroyd, Peter.
|9 60354
|
| 700 |
1 |
|
|a Reynolds, Margaret.
|9 4530
|
| 700 |
1 |
|
|a Lyons, Brenda
|c (Editor),
|e editor.
|9 60355
|
| 776 |
0 |
8 |
|i Print version:
|a Woolf, Virginia, 1882-1941.
|t Orlando
|d [New York City] : Penguin Books, [2024]
|z 9780143138372
|w (DLC) 2024017514
|
| 942 |
|
|
|2 ddc
|c BK
|
| 999 |
|
|
|c 47750
|d 47750
|
| 952 |
|
|
|0 0
|1 0
|2 ddc
|4 0
|6 823_912000000000000_WOO
|7 0
|9 78861
|a BRACUL
|b BRACUL
|c NEW
|d 2026-03-08
|e Donated by Farhana Zahir, Assistant Professor, BRAC Business School, BRAC University
|l 1
|m 8
|o 823.912 WOO
|p 3010045402
|q 2026-06-02
|r 2026-03-29
|s 2026-03-29
|t 1
|w 2026-03-08
|y BK
|x Donated copy received from Farhana Zahir, Assistant Professor, BRAC Business School, BRAC University on 17 February 2026; MRP₹ 599
|